Теория синтаксического анализа, перевода и компиляции: в 2 т.; пер. с англ.

Detaylı Bibliyografya
Yazar: Ахо А. В. Альфред В.
Diğer Yazarlar: Ульман Д. Джефри Д.
Dil:Rusça
Baskı/Yayın Bilgisi: Москва, Мир, 1978
Materyal Türü: MixedMaterials Kitap
KOHA link:https://koha.lib.tpu.ru/cgi-bin/koha/opac-detail.pl?biblionumber=39750

MARC

LEADER 00000nam1a2200000 4500
001 39750
005 20231031011647.0
035 |a (RuTPU)RU\TPU\book\40625 
090 |a 39750 
100 |a 20020411d1978 m y0rusy50 ca 
101 1 |a rus 
102 |a RU 
200 1 |a Теория синтаксического анализа, перевода и компиляции  |e в 2 т.  |e пер. с англ.  |f А. В. Ахо, Д. Ульман 
210 |a Москва  |c Мир  |d 1978 
700 1 |a Ахо  |b А. В.  |g Альфред В. 
701 1 |a Ульман  |b Д.  |g Джефри Д. 
801 1 |a RU  |b 63413507  |c 20020411  |g PSBO 
801 2 |a RU  |b 63413507  |c 20120505  |g RCR 
942 |c BK